Statistiche per Capitali mondiali più vicine a Islamabad

Clicka qui per fare il quiz!

Statistiche generali

  • Questo quiz è stato fatto 6 volte
  • Il punteggio medio è 13 su 20

Statistiche sulle risposte

kmcapitale% Corretto
2652Baghdad
100%
1346Kathmandu
100%
689Nuova Delhi
100%
1990Teheran
100%
2013Dacca
83%
2083Abu Dhabi
67%
1404Ashgabat
67%
2279Doha
67%
660Dušanbe
67%
370Kabul
67%
911Tashkent
67%
1727Thimphu
67%
1945Astana
50%
2184Baku
50%
2625Erevan
50%
2422Kuwait
50%
2314Manama
50%
1816Mascate
50%
2627Tbilisi
50%
1030Bishkek
33%

Distribuzione punteggi

Percentile per numero di risposta

Percentuale di utenti per punteggio

I tuoi punteggi nel tempo

Non hai fatto questo quiz